Central Library OPAC University of Rajshahi

The Far East : (Record no. 25493)

MARC details
000 -LEADER
fixed length control field 00981cam a2200301 a 4500
001 - CONTROL NUMBER
control field 25493
003 - CONTROL NUMBER IDENTIFIER
rucl marc code BD-RjUL
005 - DATE AND TIME OF LATEST TRANSACTION
control field 20211209050904.0
008 - FIXED-LENGTH DATA ELEMENTS--GENERAL INFORMATION
fixed length control field 140318s1994 miub b 001 0 eng
020 ## - INTERNATIONAL STANDARD BOOK NUMBER
International Standard Book Number 8122900232 ( Hard ed.)
International Standard Book Number 8122900240 ( Paper Back)
035 ## - SYSTEM CONTROL NUMBER
System control number (BD-RjUL)25563
System control number 2171795
040 ## - CATALOGING SOURCE
Original cataloging agency LC
Language of cataloging eng
Transcribing agency LC
Modifying agency NNCU:A
-- WCX
-- NUN
-- BD-RjUL
041 ## - LANGUAGE CODE
Language code of text/sound track or separate title eng
082 00 - DEWEY DECIMAL CLASSIFICATION NUMBER
Classification number 950
Edition number 21
Author mark and year PEF 1994
100 1# - MAIN ENTRY--PERSONAL NAME
Personal name Peffer, Nathaniel,
Dates associated with a name 1890-
9 (RLIN) 78412
245 14 - TITLE STATEMENT
Title The Far East :
Remainder of title a modern history /
Statement of responsibility, etc. by Nathaniel Peffer.
260 ## - PUBLICATION, DISTRIBUTION, ETC. (IMPRINT)
Place of publication, distribution, etc. Ann Arbor,
Name of publisher, distributor, etc. University of Michigan Press
Date of publication, distribution, etc. 1994.
300 ## - PHYSICAL DESCRIPTION
Pagination vi, 489 p. :
Illustrations maps. ;
Size 24 cm.
490 1# - SERIES STATEMENT
Series statement The University of Michigan history of the modern world
504 ## - BIBLIOGRAPHY, ETC. NOTE
Bibliography, etc Includes Bibliography: p. [483]-489 and index.
651 #0 - SUBJECT ADDED ENTRY--GEOGRAPHIC NAME
Geographic name East Asia
General subdivision History.
9 (RLIN) 78413
830 #4 - SERIES ADDED ENTRY--UNIFORM TITLE
Uniform title The University of Michigan history of the modern world.
942 ## - ADDED ENTRY ELEMENTS (KOHA)
Source of classification or shelving scheme Dewey Decimal Classification
Koha item type Books
Holdings
Lost status Source of classification or shelving scheme Damaged status Not for loan Collection code Permanent Location Current Location Shelving location Date acquired Source of acquisition Cost, normal purchase price Total Checkouts Full call number Date last seen Copy number Koha item type
  Dewey Decimal Classification   Added to bundle Non-fiction Central Library, University of Rajshahi Central Library, University of Rajshahi Reading Room 17/06/1999 Ankur,Prokashone Dhaka 147.00   950 PEF 1994 18/03/2014 C-1 Books